Imiona znanych Polek i Polaków #9 - Statystyki

Ogólne statystyki
  • Ten quiz został rozwiązany 201 razy
  • Średni wynik to 10 z 15
Statystyki odpowiedzi
Imię Nazwisko % Poprawnych
Barbara Kurdej-Szatan
92%
Wojciech Cejrowski
92%
Jakub Błaszczykowski
90%
Anna Jantar
83%
Tomasz Kammel
82%
Beata Tyszkiewicz
71%
Łukasz/Paweł Golec
67%
Ignacy Mościcki
63%
Bolesław Leśmian
58%
Krzysztof Gonciarz
57%
Tomasz Gollob
52%
Adam Michnik
42%
Danuta Holecka
42%
Edward Śmigły-Rydz
34%
Stanisław Barańczak
26%
Nie znaleziono quizów pasujących do podanych kryteriów
Rozkład punktacji
Procent ludzi z każdym wynikiem
Percentyl według liczby udzielonych odpowiedzi
Twoja historia wyników
Nie rozwiązałeś tego quizu